000 00948nam a22002897a 4500
001 BR8403651
003 BR-BrBNA
005 20230928091955.0
007 ta
008 230509b bl.||||| |||| 00| 0 por d
040 _aBR-BrBNA
_bpor
_cBiblioteca Nacional de Agricultura
041 _a(Por)
072 _aP10; E30; E50
_b/G514
090 _ P10 BR8403651
110 1 _aFundacao Centro Estadual de Planejamento Agricola, Salvador, BA (Brasil)
_94810
245 1 _aProjeto de implantacao de infraestrutura hidrica em pequenas comunidades rurais [Bahia, Brasil]
260 3 _aSalvador, BA (Brasil):
_c1984.
300 _a19 p.
500 _a3 tables. (*) Documento disponível na(o) BEAGRI, Salvador, BA (Brazil)
650 _aPROJETO DE DESENVOLVIMENTO
650 _aDESENVOLVIMENTO AGRICOLA
650 _aPOLITICA AGRICOLA
650 _aBAHIA
650 _aCOMUNIDADE RURAL
909 _a202309
_bLucia
_c55
_dLucia Elande
942 _cBK
999 _c36498
_d36498